[Event "Foment Martinenc op-C 20th"]
[Site "Barcelona"]
[Date "2018.05.12"]
[Round "4"]
[White "Membrives Cano, Diego"]
[Black "Leon Nunez, Javier"]
[Result "1-0"]
[WhiteElo "1551"]
[BlackElo "1700"]
[PlyCount "63"]
[EventDate "2018.04.21"]
[EventType "swiss"]
[EventRounds "9"]
[EventCountry "ESP"]
[SourceTitle "CBM 184 Extra"]
[Source "ChessBase"]
[SourceDate "2018.06.28"]
[SourceVersion "1"]
[SourceVersionDate "2018.06.28"]
[SourceQuality "1"]

1. d4 d5 2. Bf4 Nf6 3. e3 e6 4. Nf3 Nc6 5. Bd3 Bd6 6. Ne5 Qe7 7. Bb5 Bd7 8. c3 Ne4 9. 0-0 f6 10. Qh5+ g6 11. Nxg6 Qf7 12. f3 e5 13. fxe4 Ne7 14. Bxd7+ Kxd7 15. Qh3+ Ke8 16. Nxh8 Qg8 17. Qh5+ Ng6 18. Nxg6 hxg6 19. Qh4 g5 20. Qh5+ Kd7 21. Bg3 dxe4 22. Rxf6 Ke7 23. dxe5 Bc5 24. Bf2 Rf8 25. Rxf8 Qxf8 26. Qxg5+ Kd7 27. Nd2 Bb6 28. Rd1 Ke6 29. Nxe4 Qf5 30. Qxf5+ Kxf5 31. Nf6 Kxe5 32. Nd7+ 1-0

[Event "Foment Martinenc op-C 20th"]
[Site "Barcelona"]
[Date "2018.05.05"]
[Round "3"]
[White "Leon Nunez, Javier"]
[Black "Juncosa Padros, Ernest"]
[Result "1/2-1/2"]
[WhiteElo "1700"]
[BlackElo "1566"]
[PlyCount "38"]
[EventDate "2018.04.21"]
[EventType "swiss"]
[EventRounds "9"]
[EventCountry "ESP"]
[SourceTitle "CBM 184 Extra"]
[Source "ChessBase"]
[SourceDate "2018.06.28"]
[SourceVersion "1"]
[SourceVersionDate "2018.06.28"]
[SourceQuality "1"]

1. e4 e6 2. d3 d5 3. Nc3 dxe4 4. Nxe4 Nf6 5. Qf3 Nxe4 6. Qxe4 Bc5 7. Be3 Bxe3 8. Qxe3 Nc6 9. Nf3 0-0 10. d4 Qd6 11. c3 Re8 12. Rd1 Bd7 13. Be2 Qd5 14. b3 a5 15. 0-0 a4 16. Bc4 Qd6 17. Rfe1 axb3 18. Bxb3 Na5 19. Qd3 h6 1/2-1/2